The Greek treasure (Record no. 44928)

MARC details
000 -LEADER
fixed length control field 00579nam a2200181 a 4500
008 - FIXED-LENGTH DATA ELEMENTS--GENERAL INFORMATION
fixed length control field 120416s1975 ||||||||||||||||| || u
020 ## - INTERNATIONAL STANDARD BOOK NUMBER
International Standard Book Number 0304296058
050 ## - LIBRARY OF CONGRESS CALL NUMBER
Classification number PS 3537.T669G7
100 ## - MAIN ENTRY--PERSONAL NAME
Personal name Stone, Irving
245 14 - TITLE STATEMENT
Title The Greek treasure
246 ## - VARYING FORM OF TITLE
Title proper/short title a biographical novel of Henry and Sophie Schliemann
260 ## - PUBLICATION, DISTRIBUTION, ETC.
Place of publication, distribution, etc. London
Name of publisher, distributor, etc. Cassell
Date of publication, distribution, etc. 1975
300 ## - PHYSICAL DESCRIPTION
Extent 479p.
350 ## - PRICE (NR) (BK AM CF MU VM SE) [OBSOLETE]
Price 0.00
650 #4 - SUBJECT ADDED ENTRY--TOPICAL TERM
Topical term or geographic name entry element BIOGRAPHY
650 ## - SUBJECT ADDED ENTRY--TOPICAL TERM
Topical term or geographic name entry element GREEK TREASURE
995 ## - RECOMMENDATION 995 [LOCAL, UNIMARC FRANCE]
-- 0.00
-- CBU-MAIN LIBRARY (Kitwe)
-- 1
-- 4.95
-- 1
-- AVAILABLE
-- Fiction Collection
Holdings
Withdrawn status Lost status Source of classification or shelving scheme Damaged status Not for loan Home library Current library Shelving location Date acquired Total Checkouts Full call number Barcode Date last seen Price effective from Koha item type
          CBU-MAIN LIBRARY, KITWE. CBU-MAIN LIBRARY, KITWE.   11/30/2022   PS 3537.T669G7 011174 11/30/2022 11/30/2022 MONOGRAPH